| 000 | 00834nam a22002537a 4500 | ||
|---|---|---|---|
| 003 | DO-SdBNP | ||
| 005 | 20210827153926.0 | ||
| 007 | ta | ||
| 008 | 210827e dr ac||gr|||| 001 0dspa d | ||
| 020 | _a9789945091205 | ||
| 040 |
_aDO-SdBNP _bspa _cBNPHU |
||
| 041 | _hspa | ||
| 082 | _bF515y | ||
| 100 | 1 |
_aFino, Francesco _979609 |
|
| 245 | 1 | 3 |
_a¿Y por qué no? / _cFrancesco Fino, Victoria Rincón S.; Tania Báez, pról.; Ana Blanco, editec. |
| 260 |
_aSanto Domingo : _bEditora Corripio, _c[200?] |
||
| 300 |
_a128 p.; _bil., retr. _c23 cm |
||
| 500 | _aIncluye biografía del autor en la solapa. | ||
| 590 | _aInventariado 2021/ MF | ||
| 700 | 2 |
_aBáez , Tania _972652 _d1965 _q(Tania del Carmen Báez Sosa) _epról. |
|
| 700 | 1 | 2 |
_aRincón S., Victoria _979610 |
| 710 |
_aBlanco, Ana _eeditec. _979611 |
||
| 942 |
_2ddc _cLBS1 |
||
| 999 |
_c50304 _d50304 |
||